Sports Quiz

Random Sports or MLB Quiz
Score 0/140 Timer 15:00
0 Plays Today
Position Player % Correct
SPChris Carpenter
98.9%
SPAdam Wainwright
98.9%
RPCarlos Martinez
91%
SPMatt Morris
91%
RPJason Isringhausen
87.6%
SPKyle Lohse
85.4%
SPJeff Suppan
84.3%
SPWoody Williams
84.3%
SPJaime Garcia
83.1%
RPJason Motte
82%
SPDarryl Kile
80.9%
SPLance Lynn
80.9%
SPJason Marquis
76.4%
RPRay King
76.4%
SPEdwin Jackson
76.4%
SPShelby Miller
76.4%
SPMichael Wacha
76.1%
RPTrever Miller
75.3%
SPAnthony Reyes
74.2%
SPBud Smith
74.2%
RPDennys Reyes
74.2%
RPAl Reyes
74.2%
SPTravis Smith
74.2%
RPRyan Franklin
70.8%
RPTrevor Rosenthal
69.7%
RPTyler Johnson
67.4%
SPRick Ankiel
66.3%
RPSteve Kline
66.3%
SPAndy Benes
66.3%
RPAlan Benes
66.3%
RPChris Perez
65.2%
SPJake Westbrook
64%
SPJeff Weaver
62.9%
SPMark Mulder
60.7%
SPDan Haren
60.7%
RPBrad Thompson
59.6%
SPJoe Kelly
58.4%
RPBraden Looper
55.1%
RPMitchell Boggs
55.1%
SPGarrett Stephenson
55.1%
SPTodd Wellemeyer
53.9%
RPOctavio Dotel
53.9%
SPJoel Pineiro
50.6%
SPJason Simontacchi
50.6%
SPKip Wells
50.6%
RPRandy Choate
46.3%
RPFernando Salas
46.1%
Position Player % Correct
RPEdward Mujica
46.1%
SPJohn Smoltz
44.9%
RPKevin Siegrist
44.8%
RPRandy Flores
42.7%
RPJulian Tavarez
40.4%
SPChuck Finley
40.4%
RPDave Veres
39.3%
RPEduardo Sanchez
39.3%
RPArthur Rhodes
38.2%
RPNerio Rodriguez
38.2%
RPJose Rodriguez
38.2%
SPDustin Hermanson
37.1%
RPMarc Rzepczynski
37.1%
RPJeff Fassero
36%
RPJosh Hancock
36%
RPRick White
36%
RPGabe White
36%
RPSeth Maness
35.8%
SPTyler Lyons
34.3%
RPJosh Kinney
32.6%
RPKiko Calero
30.3%
SPBrad Penny
30.3%
RPCal Eldred
29.2%
RPMike Timlin
28.1%
SPSidney Ponson
25.8%
RPEsteban Yan
25.8%
SPBrett Tomko
23.6%
RPGene Stechschulte
23.6%
RPP.J. Walters
23.6%
SPMike Maroth
23.6%
RPMike Lincoln
23.6%
RPKyle McClellan
22.5%
RPT.J. Mathews
22.5%
RPMike Matthews
21.3%
RPKelvin Jimenez
21.3%
RPMaikel Cleto
21.3%
SPSterling Hitchcock
20.2%
RPVictor Marte
19.1%
RPBrian Tallet
19.1%
RPMike James
18%
RPMiguel Batista
18%
SPJamey Wright
16.9%
SPJohn Gast
16.4%
RPJohn Axford
14.9%
SPAdam Ottavino
14.6%
RPSam Freeman
14.6%
RPRuss Springer
13.5%
Position Player % Correct
RPTroy Percival
12.4%
RPBarret Browning
12.4%
RPMark Worrell
12.4%
RPMike Parisi
11.2%
RPLuther Hackman
11.2%
RPRon Villone
11.2%
RPLance Painter
11.2%
RPRicardo Rincon
11.2%
RPBlake Hawksworth
10.1%
RPMike Crudale
10.1%
RPJosh Pearce
10.1%
RPJimmy Journell
10.1%
RPJ.C. Romero
10.1%
RPBrian Falkenborg
9%
RPJason Christiansen
9%
RPBlaine Boyer
9%
RPBrandon Dickson
9%
RPMichael Blazek
9%
RPMike DeJean
7.9%
RPGabe Molina
7.9%
RPCarmen Cali
7.9%
RPBrian Fuentes
7.9%
RPPedro Borbon
7.9%
RPJess Todd
7.9%
RPKeith Butler
7.5%
RPChris Narveson
6.7%
RPBryan Augenstein
6.7%
RPChad Hutchinson
6.7%
RPChuckie Fick
6.7%
RPMike MacDougal
5.6%
RPBill Pulsipher
5.6%
RPDennis Dove
5.6%
RPClayton Mortensen
5.6%
RPJorge Sosa
4.5%
RPTroy Cate
4.5%
RPKevin Joseph
4.5%
RPRaul Valdes
4.5%
RPAndy Cavazos
3.4%
SPRandy Keisler
3.4%
RPMatt Duff
3.4%
RPJason Karnuth
3.4%
RPKevin Ohme
3.4%
RPJeff Tabaka
3.4%
RPJason Pearson
3.4%
RPKevin Jarvis
2.2%
RPEvan MacLane
2.2%
Remove Ads.
Support Sporcle.
Get the best of Sporcle when you Go Orange. This ad-free experience offers more features, more stats, and more fun while also helping to support Sporcle. Thank you for becoming a member.

You're not logged in!

Compare scores with friends on all Sporcle quizzes.
OR
Log In

Show Comments

Extras

Top Quizzes Today


Score Distribution

Your Account Isn't Verified!

In order to create a playlist on Sporcle, you need to verify the email address you used during registration. Go to your Sporcle Settings to finish the process.

Report this User

Report this user for behavior that violates our Community Guidelines.

Details: